[Event "Srbia-chT"]
[Site "Jahorina"]
[Date "2000.??.??"]
[Round "?"]
[White "Rahman, Sasa"]
[Black "Savic, Miodrag R"]
[Result "0-1"]
[WhiteElo "2260"]
[BlackElo "2430"]
[PlyCount "126"]
[EventDate "2000.??.??"]
[EventType "team-tourn"]
[EventRounds "8"]
[EventCountry "YUG"]
[SourceTitle "EXT 2001"]
[Source "ChessBase"]
[SourceDate "2000.11.22"]
[SourceVersion "1"]
[SourceVersionDate "2000.11.22"]
[SourceQuality "1"]

1. e4 d5 2. exd5 Qxd5 3. Nc3 Qa5 4. d4 Nf6 5. Nf3 c6 6. Bc4 Bf5 7. Qe2 e6 8. Bd2 Bb4 9. a3 Bxc3 10. Bxc3 Qc7 11. Bb3 Ne4 12. Qe3 Nxc3 13. Qxc3 Nd7 14. 0-0 0-0 15. Nh4 Be4 16. Qe3 Nf6 17. f3 Bg6 18. Nxg6 hxg6 19. Bc4 Rfd8 20. c3 b5 21. Bb3 a5 22. Rac1 Qb6 23. Qf2 b4 24. cxb4 axb4 25. a4 Rd6 26. Rc5 Qd8 27. Rc4 Nd5 28. g3 Qb6 29. Kh1 Ne7 30. Qd2 Rb8 31. Rd1 Qb7 32. Kg2 Qa6 33. Qe1 Qb6 34. h4 Nf5 35. Qf2 Rbd8 36. Bc2 Nxd4 37. a5 Qa7 38. Rxb4 Qc5 39. Rb7 Qxa5 40. Be4 Qa6 41. Rb4 c5 42. Bd3 Qa2 43. Bb1 Qa1 44. Rc4 Nb3 45. Rxd6 Rxd6 46. Bc2 Rd2 47. Bxb3 Rxf2+ 48. Kxf2 Qxb2+ 49. Bc2 Qa2 50. Rc3 Qa1 51. Rc4 Qh1 52. f4 Qd5 53. Re4 c4 54. Re2 Qd4+ 55. Kf3 Kf8 56. Be4 Ke7 57. Bc2 Kd6 58. Be4 Kc5 59. Bc2 Kb4 60. Be4 Qg1 61. Bc2 Kc3 62. Ba4 f5 63. Bc2 Qf1+ 0-1